000
00395nam a22001697a 4500
003
MPLRDC
005
20220104114336.0
008
210129b ||||| |||| 00| 0 eng d
082
_a
857.623 YG v.2
100
_a
余过
245
_a
凶咒
_c
260
_a
_b
东荣出版社
_c
1994
300
_b
平
490
_a
四人夜话系列. 2
650
_a
灵异小说
942
_c
BK
_o
857.623 YG v.2
999
_c
6733
_d
6723